000 00673nam a2200229 a 4500
008
020 _a0435453165 (pbk.)
049 _aMAIN
090 _aHF5548.5.B3
_bNEE
100 1 _aNeedham, Dave
245 1 0 _aHeinemann AVCE Advanced business /
_cDave Needham and Rob Dransfield
260 _aOxford :
_bHeineman Educational Publishers,
_c1985.
300 _axv, 674p. :
_bill. ;
_c28 cm.
500 _aIncludes index.
650 0 _aBusiness studies
700 _aDransfield,Rob.
907 _a.b10213624
_b20-02-13
_c06-09-06
003
005 20230123134243.0
040 _cNUST
942 _cBOOKS
_kHF5548.5.B3
_mNEE
999 _c162694
_d162694